| 000 | 00823nam a2200253Ia 4500 | ||
|---|---|---|---|
| 999 |
_c55261 _d55261 |
||
| 003 | GCL | ||
| 005 | 20240530105345.0 | ||
| 008 | 140319s9999 xx 000 0 ara d | ||
| 040 |
_aGCL / _cGCL |
||
| 082 | 0 | 4 |
_a150.1 _bك م |
| 100 | 1 | _aكوسنييه ، جان | |
| 245 | 1 | 0 |
_aمقدمات فى علم النفس / _cحان كوسنييه |
| 260 |
_a[S.N] : _bالمؤسسة الجامعية للدراسات والنشر والتوزيع ، _c1982 |
||
| 300 | _a167 ص | ||
| 650 | 0 | 4 | _aعلم النفس |
| 650 | 0 | 4 | _aعلم النفس اللغوى |
| 650 | 0 | 4 | _aالاعلام |
| 650 | 0 | 4 | _aوسائل الاعلام |
| 650 | 0 | 4 | _aدلالة المفهوم |
| 650 | 0 | 4 | _aدلالة المنطوق |
| 650 | 0 | 4 | _aالاتصال - علم اجتماع |
| 700 | 1 | _aرالف رزق الله | |
| 942 |
_2ddc _cBK |
||